000 00333 a2200109 4500
001 ART_13067
005 20260410161735.0
008 260409a
245 1 0 _aRecuperar herramientas para recrear el mercado
100 1 _aCarballo, Carlos
773 0 _tEjecutivos de finanzas
_g- Año 7, Nº 65 (may. 1990)
_wREV2863
999 _c18213
_d18213